Оценка человеческого капитала в деятельности коммерческих организаций; Известия Томского политехнического университета [Известия ТПУ]; Т. 319, № 6 : Экономика. Философия, социология и культурология

Bibliografiset tiedot
Parent link:Известия Томского политехнического университета [Известия ТПУ]/ Томский политехнический университет (ТПУ).— , 2000-
Т. 319, № 6 : Экономика. Философия, социология и культурология.— 2011.— [С. 64-69]
Päätekijä: Добровинский А. П. Алексей Петрович
Muut tekijät: Демьяненко Ю. В. Юлия Владимировна
Yhteenveto:Заглавие с титульного листа
Электронная версия печатной публикации
На основе обзора литературных источников показан общий подход к количественной оценке человеческого капитала в организации. Рассмотрены практические методы оценки человеческого капитала с возможными способами их реализации в деятельности коммерческих организаций.
Kieli:venäjä
Julkaistu: 2011
Sarja:Экономика
Aiheet:
Linkit:http://www.lib.tpu.ru/fulltext/v/Bulletin_TPU/2011/v319/i6/14.pdf
Aineistotyyppi: Elektroninen Kirjan osa
KOHA link:https://koha.lib.tpu.ru/cgi-bin/koha/opac-detail.pl?biblionumber=206533

MARC

LEADER 00000nla2a2200000 4500
001 206533
005 20231031190724.0
035 |a (RuTPU)RU\TPU\book\225151 
035 |a RU\TPU\book\225150 
090 |a 206533 
100 |a 20120112d2011 k y0rusy50 ca 
101 0 |a rus 
102 |a RU 
135 |a drnn ---uucaa 
181 0 |a i  
182 0 |a b 
200 1 |a Оценка человеческого капитала в деятельности коммерческих организаций  |b Электронный ресурс  |f А. П. Добровинский, Ю. В. Демьяненко 
203 |a Текст  |c электронный 
215 |a 1 файл (856 Кб) 
225 1 |a Экономика 
230 |a Электронные текстовые данные (1 файл : 856 Кб) 
300 |a Заглавие с титульного листа 
300 |a Электронная версия печатной публикации 
320 |a [Библиогр.: с. 69 (10 назв.)] 
330 |a На основе обзора литературных источников показан общий подход к количественной оценке человеческого капитала в организации. Рассмотрены практические методы оценки человеческого капитала с возможными способами их реализации в деятельности коммерческих организаций. 
337 |a Adobe Reader 
461 1 |0 (RuTPU)RU\TPU\book\176237  |t Известия Томского политехнического университета [Известия ТПУ]  |f Томский политехнический университет (ТПУ)  |d 2000- 
463 1 |0 (RuTPU)RU\TPU\book\225101  |x 1684-8519  |t Т. 319, № 6 : Экономика. Философия, социология и культурология  |v [С. 64-69]  |d 2011  |p 203 с. 
610 1 |a человеческий капитал 
610 1 |a методология 
610 1 |a методы оценки 
610 1 |a количественная оценка 
610 1 |a организация 
610 1 |a коммерческие организации 
610 1 |a обзоры 
610 1 |a практические методы 
610 1 |a труды учёных ТПУ 
610 1 |a электронный ресурс 
610 1 |a эффективность 
700 1 |a Добровинский  |b А. П.  |c ассистент на кафедре экономики и природных ресурсов Томского политехнического университета  |f 1979-  |g Алексей Петрович  |2 stltpush  |3 (RuTPU)RU\TPU\pers\26781 
701 1 |a Демьяненко  |b Ю. В.  |c специалист в области информационных технологий управления бизнесом  |c аспирант, ассистент Томского политехнического университета  |f 1985-  |g Юлия Владимировна  |2 stltpush  |3 (RuTPU)RU\TPU\pers\29063 
801 1 |a RU  |b 63413507  |c 20090623  |g PSBO 
801 2 |a RU  |b 63413507  |c 20211229  |g PSBO 
856 4 |u http://www.lib.tpu.ru/fulltext/v/Bulletin_TPU/2011/v319/i6/14.pdf 
942 |c CF